000 00767nam a22002537a 4500
001 9676
003 FISKH
005 20260129092554.0
008 260129b cb ||||| |||| 00| 0 eng d
020 _a1880892596
040 _aFISKH
_beng
_cFISKH
_dFISKH
050 _aPZ7
100 _aStrayer , Debbie
245 _aJack and Stan :
_cWritten by Debbie Strayer : Illustrations by Joy Majewski
_bSuccessful Reading for Beginners /
260 _aMelrose , FL :
_bCommon Sense Press ,
_c1998 .
300 _a10 pages :
_billustrations ;
_c21 cm .
490 _aBridge Reader
_vBook 3
505 _aD
521 8 _a160
_bLexile estimate
521 8 _aD
_bRaz-Plus
700 _aMajewski , Joy
_eIllustrator
942 _2ddc
_cBK
_n0
999 _c9676
_d9676